000
00311nam a2200121 a 4500
008
020926s1985||||xx 0 und c
040
_a
SNK
_b
slo
_c
SNK
_e
AACR2
245
1
0
_a
Rusko - slovenský a slovensko - ruský slovník
260
_a
Bratislava
_b
SPN
_c
1985
020
_c
32
041
_a
slo
044
_a
xo
_c
SK
999
_c
19201
_d
19201